Report writer (Record no. 100083)

MARC details
000 -LEADER
fixed length control field 00888cam a2200241 4500
008 - FIXED-LENGTH DATA ELEMENTS--GENERAL INFORMATION
fixed length control field 000000n2000 000 0 eng u
020 ## - INTERNATIONAL STANDARD BOOK NUMBER
International Standard Book Number 0854069933
020 ## - INTERNATIONAL STANDARD BOOK NUMBER
International Standard Book Number 0854069925
035 ## - SYSTEM CONTROL NUMBER
System control number (Sirsi) u103010
050 ## - LIBRARY OF CONGRESS CALL NUMBER
Classification number 333.332
-- 18
110 ## - MAIN ENTRY--CORPORATE NAME
Corporate name or jurisdiction name as entry element Royal Institution of Chartered Surveyors
9 (RLIN) 4900
245 ## - TITLE STATEMENT
Title Report writer
260 ## - PUBLICATION, DISTRIBUTION, ETC.
Place of publication, distribution, etc. London
Name of publisher, distributor, etc. RICS
Date of publication, distribution, etc. 2000
300 ## - PHYSICAL DESCRIPTION
Extent 132p.
Dimensions 26cm. + 2 booklets + 1 CD-ROM
520 ## - SUMMARY, ETC.
Summary, etc. ONLY AVAILABLE TO VIEW IN THE LIBRARY. CD-ROM is held at the enquiry desk. The archive copy only contains the report writer book. The pack is available to buy from RICS Books. Not applicable in Scotland.
650 ## - SUBJECT ADDED ENTRY--TOPICAL TERM
Topical term or geographic name entry element VALUATIONS
650 ## - SUBJECT ADDED ENTRY--TOPICAL TERM
Topical term or geographic name entry element REPORT WRITING
650 ## - SUBJECT ADDED ENTRY--TOPICAL TERM
Topical term or geographic name entry element SURVEYS
650 ## - SUBJECT ADDED ENTRY--TOPICAL TERM
Topical term or geographic name entry element RICS HOMEBUYER SURVEY AND VALUATION
650 ## - SUBJECT ADDED ENTRY--TOPICAL TERM
Topical term or geographic name entry element RICS APPRAISAL AND VALUATION MANUAL
690 ## - LOCAL SUBJECT ADDED ENTRY--TOPICAL TERM (OCLC, RLIN)
Topical term or geographic name as entry element PROPERTY-PROPERTY APPRAISAL AND VALUATION
942 ## - ADDED ENTRY ELEMENTS (KOHA)
Suppress in OPAC 0
Holdings
Withdrawn status Lost status Source of classification or shelving scheme Damaged status Not for loan Home library Current library Shelving location Date acquired Total Checkouts Full call number Barcode Date last seen Copy number Price effective from Koha item type
    Dewey Decimal Classification     London London RICS Boxes 06/06/2000   RICS 2000/40 30061598 06/08/2019 1 06/08/2019 Archive
    Dewey Decimal Classification     London London RICS Boxes 06/06/2000   RICS 2000/40 30061599 06/08/2019 2 06/08/2019 Reference material